[Event "Kiev Spring op"]
[Site "Kiev"]
[Date "2023.03.29"]
[Round "6"]
[White "Lornye, Pylyp"]
[Black "Kostash, Roman"]
[Result "1-0"]
[WhiteElo "2192"]
[BlackElo "1774"]
[PlyCount "67"]
[EventDate "2023.03.25"]
[EventType "swiss"]
[EventRounds "9"]
[EventCountry "UKR"]
[SourceTitle "EXT 2024"]
[Source "ChessBase"]
[SourceDate "2023.10.10"]
[SourceVersion "1"]
[SourceVersionDate "2023.10.10"]
[SourceQuality "1"]

1. Nf3 Nf6 2. g3 g6 3. Bg2 Bg7 4. 0-0 0-0 5. d3 d5 6. Nbd2 Nc6 7. e4 dxe4 8. dxe4 e5 9. c3 h6 10. Qe2 Be6 11. Nc4 Nd7 12. Rd1 Qc8 13. Ne3 f5 14. Nh4 f4 15. Nd5 g5 16. Nf5 Kh7 17. Bh3 Nf6 18. Nxf6+ Rxf6 19. b3 Qe8 20. Bg4 Bf7 21. Ba3 h5 22. Nxg7 Kxg7 23. Bd7 Qg8 24. Qb5 fxg3 25. hxg3 h4 26. Bxc6 Rxc6 27. Qxe5+ Kh6 28. gxh4 gxh4+ 29. Kh2 Re8 30. Qf4+ Kh7 31. Rd7 Kg7 32. Rg1+ Rg6 33. Rxg6+ Kxg6 34. Qf5+ 1-0

[Event "Kiev Spring op"]
[Site "Kiev"]
[Date "2023.03.27"]
[Round "4"]
[White "Shton, Roman"]
[Black "Kostash, Roman"]
[Result "1/2-1/2"]
[WhiteElo "2074"]
[BlackElo "1774"]
[PlyCount "156"]
[EventDate "2023.03.25"]
[EventType "swiss"]
[EventRounds "9"]
[EventCountry "UKR"]
[SourceTitle "EXT 2024"]
[Source "ChessBase"]
[SourceDate "2023.10.10"]
[SourceVersion "1"]
[SourceVersionDate "2023.10.10"]
[SourceQuality "1"]

1. d4 Nf6 2. Nf3 c5 3. d5 g6 4. Nc3 Bg7 5. e4 d6 6. Bc4 Bg4 7. h3 Bxf3 8. Qxf3 Nbd7 9. Qd1 0-0 10. 0-0 a6 11. a4 Ne8 12. Be3 Qb6 13. Rb1 Qb4 14. Be2 Nc7 15. Bd2 Qd4 16. Qc1 Nf6 17. Bd3 e6 18. dxe6 fxe6 19. b3 Qe5 20. f4 Qd4+ 21. Kh2 Nd7 22. Ne2 Qf6 23. c4 a5 24. f5 Ne5 25. Bc2 Nc6 26. Bg5 Qf7 27. Qd2 Be5+ 28. Kg1 gxf5 29. exf5 Qh5 30. Be4 exf5 31. Bxf5 h6 32. Bxh6 Rxf5 33. Rxf5 Qxf5 34. Rf1 Qg6 35. Be3 Re8 36. Nf4 Qe4 37. Nh5 Nd4 38. Kh1 Qg6 39. Nf4 Qg3 40. Bg1 Nce6 41. Nd5 Qg6 42. Qf2 Kg7 43. Ne3 Rf8 44. Qe1 Nf4 45. Ng4 Rh8 46. Bh2 Qxg4 47. Rxf4 Qh5 48. Rg4+ Kf7 49. Qe4 Bxh2 50. Qxb7+ Ke6 51. Rg7 Be5 52. Qe7+ Kf5 53. g4+ Qxg4 54. Qf7+ Bf6 55. Qd7+ Ne6 56. Rxg4 Rxh3+ 57. Kg2 Re3 58. Rg3 Rxg3+ 59. Kxg3 Be5+ 60. Kf2 Kf6 61. Ke1 Bc3+ 62. Kd1 Ke5 63. Qe7 Bb4 64. Kc2 Be1 65. Qe8 Bb4 66. Kd3 Kf5 67. Qh5+ Kf6 68. Ke4 Ke7 69. Qh7+ Kf6 70. Kd5 Nd4 71. Kxd6 Kg5 72. Qg7+ Kf4 73. Qe5+ Kf3 74. Kd5 Ne2 75. Qe4+ Kf2 76. Qc2 Ke3 77. Qe4+ Kf2 78. Kd6 Nd4 1/2-1/2